000 00366 a2200157 4500
001 48337
020 _a9788564305588
040 _cAnchieta - Bela Vista
100 _aRODRIGUES, Arnaldo
240 1 0 _aO caso das 10 pintinhas
_lpor
245 1 0 _aO caso das 10 pintinhas
300 _a24 p.
362 0 _a2014
650 4 _aLiteratura infanto-juvenil
942 _cBK
999 _c48337
_d48337